000 01049nac a22002897a 4500
001 BR8302729
003 BR-BrBNA
005 20240105115734.0
008 230509b bl.|||m| |||| 00| 0 por d
040 _aBR-BrBNA
_bpor
_cBiblioteca Nacional de Agricultura
072 _aE30
090 _aE30 BR8302729
110 1 _aEmpresa de Assistencia Tecnica e Extensao Rural do Estado do Rio de Janeiro, Niteroi (Brasil)
_93979
245 1 _aRelatorio de atividades, 1982 [Empresa de Assistencia Tecnica e Extensao Rural do Estado do Rio de Janeiro, Brasil]
260 3 _aNiteroi, RJ (Brasil):
_c1983.
300 _a30 p.
490 _aRelatorio - Empresa de Assistencia Tecnica e Extensao Rural do Estado do Rio de Janeiro (Brazil)
_v
_x
500 _a20 illus.
650 _aASSISTENCIA TECNICA
650 _aEXTENSAO RURAL
650 _aDESENVOLVIMENTO AGRICOLA
650 _aPROJETO DE DESENVOLVIMENTO
650 _aCREDITO RURAL
650 _aRIO DE JANEIRO
909 _a202312
_bLúcia Elande
_c55
_dLúcia Elande
942 _2AGRIS
_n0
_cMS
999 _c276168
_d276168